• 首页
  • 本馆介绍
  • 公告通知
  • 最新文献
  • 馆藏检索
  • 电子资源
  • 读者导购
  • 参考咨询
  • 我的图书馆
  • 登录
  • 详细信息显示
  • 放入我的书架
  • 预约/预借图书
  • 作者相关作品
  • 分类相关作品
  • 丛书相关作品
  • 出版社相关作品

书目信息

  • 表格格式
  • 工作单格式
  • 卡片格式
题名:
农业与经济发展
    
 
作者: 加塔克 , 英格森特 著 ;吴伟东 , 韩俊 , 李发荣 译
分册:  
出版信息: 北京   华夏出版社  1987
页数: 407页
开本: 20cm
丛书名: 二十世纪文库
单 册:
中图分类: C5
科图分类:
主题词: 社会科学--丛书 , 社会科学--文集 , 社会科学--连续出版物
电子资源:
ISBN: 7-80053-012-4
000 00989nam2 2200325 45
001 0187002690
005 20050614165124.8
010    @a7-80053-012-4@dCNY3.15
100    @a19900808d1987 em y0chiy0121 ea
101 1  @achi@ceng
102    @aCN@b110000
105    @ay z 001yy
200 10 @a农业与经济发展@Anong ye yu jing ji fa zhan@f(印)苏布拉塔·加塔克,肯·英格森特著@F(Yin)Su Bu La Ta·Jia Ta Ke,Ken·Ying Ge Sen Te Zhu@g吴伟东等译
210    @a北京@c华夏出版社@d1987
215    @a407页@d20cm
225 2  @a二十世纪文库
300    @a附参考文献和人名译名对照表
410  0 @120010@a二十世纪文库
606 0  @a社会科学@x丛书
606 0  @a社会科学@x文集
606 0  @a社会科学@x连续出版物
690    @aC5@v3
701  0 @a加塔克@4著
701  0 @a英格森特@4著
702  0 @a吴伟东@Awu wei dong@4译
702  0 @a韩俊@Ahan jun@4译
702  0 @a李发荣@Ali fa rong@4译
801  0 @aCN@b深圳图书馆@c20040506
801  2 @aCN@bNLC@c20040506
905    @dC5@e40:4@f1@b201924
    
    农业与经济发展/(印)苏布拉塔·加塔克,肯·英格森特著/吴伟东等译.-北京:华夏出版社,1987
    407页;20cm.-(二十世纪文库)
    附参考文献和人名译名对照表
    
    ISBN 7-80053-012-4:CNY3.15
    
●
相关链接 在E读中查询图书 在五车中查询图书 在当当中查询图书 在豆瓣中查询图书


正题名:农业与经济发展     索取号:C5/40:4         预约/预借

序号 登录号 条形码 馆藏地/架位号 状态 备注
1 0201923   001120637   密集书库/ [索取号:C5/40:4] 在馆    
2 0201924   202109459   第一样本阅览室/ [索取号:C5/40:4] 在馆    
唐山师范学院图书馆 欢迎您!
大连网信软件有限公司© 版权所有